书目信息 |
| 题名: |
风电机组叶片多相材料拓扑优化方法及应用
|
|
| 作者: | 孙鹏文 , 张兰挺 , 申艳杰 , 龙凯 著 | |
| 分册: | ||
| 出版信息: | 北京 科学出版社 2025.03 |
|
| 页数: | 296页 | |
| 开本: | 24cm | |
| 丛书名: | ||
| 单 册: | ||
| 中图分类: | TM315 | |
| 科图分类: | ||
| 主题词: | 风力发电机--feng li fa dian ji--发电机组--材料研究 | |
| 电子资源: | ||
| ISBN: | 978-7-03-079521-2 | |
| 000 | 01097nam0 2200289 450 | |
| 001 | 93607 | |
| 005 | 20250819132927.56 | |
| 010 | @a978-7-03-079521-2@dCNY168.00 | |
| 100 | @a20250416d2025 em y0chiy50 ea | |
| 101 | 0 | @achi |
| 102 | @aCN@b110000 | |
| 105 | @aa a 000yy | |
| 106 | @ar | |
| 200 | 1 | @a风电机组叶片多相材料拓扑优化方法及应用@Afeng dian ji zu ye pian duo xiang cai liao tuo pu you hua fang fa ji ying yong@f孙鹏文 ... [等] 著 |
| 210 | @a北京@c科学出版社@d2025.03 | |
| 215 | @a296页@c图@d24cm | |
| 304 | @a题名页题其余责任者: 张兰挺, 申艳杰, 龙凯 | |
| 320 | @a有书目 | |
| 330 | @a本书包括风电机组叶片的结构/性能/载荷计算、复合材料层合板及结构优化理论和方法、铺层参数对风电机组叶片结构性能的影响分析等。具体内容包括: 风电机组叶片概述、复合材料层合板等。 | |
| 606 | 0 | @a风力发电机@Afeng li fa dian ji@x发电机组@x材料研究 |
| 690 | @aTM315@v5 | |
| 701 | 0 | @a孙鹏文@Asun peng wen@4著 |
| 701 | 0 | @a张兰挺@Azhang lan ting@4著 |
| 701 | 0 | @a申艳杰@Ashen yan jie@4著 |
| 701 | 0 | @a龙凯@Along kai@4著 |
| 801 | 0 | @aCN@c20250909 |
| 905 | @a河南城建学院图书馆@dTM315@eS930@f1 | |
| 风电机组叶片多相材料拓扑优化方法及应用/孙鹏文 ... [等] 著.-北京:科学出版社,2025.03 |
| 296页:图;24cm |
| ISBN 978-7-03-079521-2:CNY168.00 |
| 本书包括风电机组叶片的结构/性能/载荷计算、复合材料层合板及结构优化理论和方法、铺层参数对风电机组叶片结构性能的影响分析等。具体内容包括: 风电机组叶片概述、复合材料层合板等。 |
| ● |
| 相关链接 |
|
|
|
正题名:风电机组叶片多相材料拓扑优化方法及应用
索取号:TM315/S930
 
预约/预借
| 序号 | 登录号 | 条形码 | 馆藏地/架位号 | 状态 | 备注 |
| 1 | 1627565 | 216275652 | 自科库301/301自科库 11排3列3层/ [索取号:TM315/S930] | 在馆 |